Hablándole al poder (Record no. 1671)

MARC details
000 -LEADER
campo de control de longitud fija 00778nam a2200157 4500
008 - DATOS DE LONGITUD FIJA--INFORMACIÓN GENERAL
campo de control de longitud fija 708 B891h
020 ## - NÚMERO INTERNACIONAL ESTÁNDAR DEL LIBRO
Número Internacional Estándar del Libro 9788417047559
082 ## - NÚMERO DE LA CLASIFICACIÓN DECIMAL DEWEY
Número de clasificación 708
Número de ítem B891h
100 ## - ENTRADA PRINCIPAL--NOMBRE DE PERSONA
Nombre de persona Bruguera, Tania
9 (RLIN) 3275
245 ## - MENCIÓN DEL TÍTULO
Título Hablándole al poder
260 ## - PUBLICACIÓN, DISTRIBUCIÓN, ETC.
Lugar de publicación, distribución, etc. Ciudad de México
Nombre del editor, distribuidor, etc. Museo Universitario de Arte Contemporáneo
Fecha de publicación, distribución, etc. 2018
300 ## - DESCRIPCIÓN FÍSICA
Extensión 80 p.
Otras características físicas ill (col)
Dimensiones 22 x 16,5 cm
505 ## - NOTA DE CONTENIDO CON FORMATO
Título Las instituciones transnacionales y el arte de la especificidad en el tiempo político
Mención de responsabilidad Lucía Sanromán, Susie Kantor
Título Conversación entre Tania Bruguera y Suzanne Lacy
Mención de responsabilidad Tania Bruguera, Suzanne Lacy
Título Léxico interpretado
Mención de responsabilidad José Falconi
Título Semblanza
-- Catálogo
-- Créditos
650 ## - PUNTO DE ACCESO ADICIONAL DE MATERIA--TÉRMINO DE MATERIA
Subdivisión general arte contemporáneo
-- arte - exhibiciones
-- arte - institucionalidad
-- Cuba
9 (RLIN) 6795
700 ## - ENTRADA AGREGADA--NOMBRE PERSONAL
Nombre de persona Alvarez Romero, Ekaterina (edición)
9 (RLIN) 6792
Holdings
Estatus retirado Estado de pérdida Fuente del sistema de clasificación o colocación Estado de daño No para préstamo Biblioteca de origen Biblioteca actual Ubicación en estantería Fecha de adquisición Total de préstamos Signatura topográfica completa Código de barras Visto por última vez Precio de reemplazo Tipo de ítem Koha
    Clasificación Decimal Dewey     Biblioteca LadoV Biblioteca LadoV   21/11/2018   708 B891h 004695 21/11/2018 21/11/2018 Material 01